[Event "Concordia op 5th"]
[Site "Concordia"]
[Date "2019.05.04"]
[Round "7"]
[White "Nascimento, Andre Renato"]
[Black "Silva, Richard Santana"]
[Result "1/2-1/2"]
[WhiteElo "1882"]
[BlackElo "1459"]
[PlyCount "67"]
[EventDate "2019.05.01"]
[EventType "swiss"]
[EventRounds "9"]
[EventCountry "BRA"]
[SourceTitle "CBM 190 Extra"]
[Source "ChessBase"]
[SourceDate "2019.07.15"]
[SourceVersion "1"]
[SourceVersionDate "2019.07.15"]
[SourceQuality "1"]

1. e4 e6 2. d4 d5 3. e5 c5 4. c3 Nc6 5. Nf3 Bd7 6. Bd3 Qc7 7. Be3 cxd4 8. cxd4 Nb4 9. Nc3 Nxd3+ 10. Qxd3 a6 11. 0-0 Ne7 12. Rfc1 Qb6 13. a4 Nf5 14. g4 Nxe3 15. fxe3 Be7 16. Rc2 Qb3 17. Nd2 Qb6 18. b3 0-0 19. Ne2 Rac8 20. Nf3 Rxc2 21. Qxc2 Rc8 22. Qd3 Qb4 23. Kf2 b5 24. h4 bxa4 25. bxa4 Qc4 26. Qd1 Qc2 27. Qh1 Qe4 28. g5 g6 29. h5 Kh8 30. hxg6 Qxg6 31. Qg2 h6 32. Rh1 Rg8 33. Nf4 Qc2+ 34. Ne2 1/2-1/2

[Event "Concordia op 4th"]
[Site "Concordia"]
[Date "2018.06.30"]
[Round "4"]
[White "Nascimento, Andre Renato"]
[Black "Rossi, Mariana Wolff Da Si"]
[Result "1/2-1/2"]
[WhiteElo "1926"]
[BlackElo "1380"]
[PlyCount "53"]
[EventDate "2018.06.29"]
[EventType "swiss"]
[EventRounds "6"]
[EventCountry "BRA"]
[SourceTitle "EXT 2019"]
[Source "ChessBase"]
[SourceDate "2018.10.10"]
[SourceVersion "1"]
[SourceVersionDate "2018.10.10"]
[SourceQuality "1"]

1. e4 e5 2. Nf3 Nc6 3. c3 d6 4. Be2 Nf6 5. d4 Be7 6. 0-0 Nxe4 7. d5 Nb8 8. Qa4+ Qd7 9. Qxe4 f5 10. Qc2 0-0 11. Bg5 Bf6 12. Bxf6 Rxf6 13. Ng5 Qe7 14. Ne6 c6 15. c4 Nd7 16. Nc3 e4 17. f4 Rg6 18. Ng5 Nb6 19. Bh5 Rf6 20. Rae1 Bd7 21. Ncxe4 fxe4 22. Qxe4 Qxe4 23. Rxe4 Bf5 24. Re7 Bg6 25. Bxg6 Rxg6 26. Rfe1 Rf8 27. Ne6 1/2-1/2